| 000 | 01233nam a22003497a 4500 | ||
|---|---|---|---|
| 003 | CHAP | ||
| 005 | 20220329135609.0 | ||
| 008 | 971013s1995 r 10010 d | ||
| 010 | _a39080 | ||
| 011 | _a40052 | ||
| 035 | _a44177 | ||
| 040 | _cCHAP | ||
| 082 |
_a634.9721 _bS4 1992 |
||
| 111 | 0 | 0 |
_aSeminario Nacional Sobre Utilización De Encinos ( _n3 _d: 1992 _c: Linares, N.L.) _9104237 |
| 245 | _aMemorias | ||
| 260 |
_aLinares, N.L. : _bUniversidad Autónoma de Nuevo León. Facultad de Ciencias Forestales, _c1995 |
||
| 300 | _a2 v. | ||
| 490 |
_aReporte Científico. Número especial _v; 15 |
||
| 500 | _aIncluye 92 trabajos | ||
| 590 |
_aBATCH-UPD _b10 _c20130110 _lUCH01 _h1535 |
||
| 590 |
_aBATCH-UPD _b10 _c20130410 _lUCH01 _h0940 |
||
| 590 |
_aBATCH-UPD _b10 _c20130914 _lUCH01 _h0712 |
||
| 590 |
_aCONVERSION _b10 _c20130109 _lUCH01 _h1322 |
||
| 650 | 1 | 4 |
_aBosques _xCongresos. _914116 |
| 650 | 1 | 4 |
_aBosques _xUtilización. _914405 |
| 650 | 1 | 4 |
_aQuercus. _993173 |
| 830 | 0 |
_aReporte Científico. Número especial _v; 15 _995999 |
|
| 901 | _aBK | ||
| 942 | _cLIBRO | ||
| 949 |
_a634.9721 S4 1992 _bBC _cCONG _d-101171 _eCONG _fv.1 _h87930 _i44177 _si |
||
| 949 |
_a634.9721 S4 1992 _bBC _cCONG _d-101172 _eCONG _fv.2 _h87931 _i44177 _si |
||
| 999 |
_c39080 _d39080 |
||